| 000 | 01525cam a2200217 4500 | ||
|---|---|---|---|
| 001 | L136233 | ||
| 008 | 070118n2006 000 0 eng u | ||
| 035 | _a(Sirsi) u136233 | ||
| 041 | 0 | _aeng | |
| 110 | 1 |
_aHM Revenue and Customs _94702 |
|
| 245 | 0 | 0 |
_aPaying PGS _ba planning-gain supplement technical consultation |
| 260 |
_aLondon _bHMRCs _c2006 |
||
| 505 | _aOverview of the PGS process -- The planning permission: calculating the PGS due -- The PGS start notice -- The PGS return --Paying the PGS charge -- PGS compliance and HMRC interventions -- Questions and answers -- About the consultation process. | ||
| 520 | _aSets out the proposed framework for administering the Planning-Gain Supplement (PGS). Building on the previous proposals published in Planning-Gain Supplement: a consultation in December 2005 as part of the Government's proposals for a PGS, it provides further information on, and seeks views about, the framework that will be needed to administer PGS. The document is concerned exclusively with how PGS would be administered. | ||
| 590 | _aKA | ||
| 650 | 2 | 4 | _aPLANNING GAIN SUPPLEMENT |
| 651 | 4 |
_aEngland and Wales _y1543- |
|
| 690 | _aENVIRONMENTAL AND LAND CONSULTANCY-PLANNING AND DEVELOPMENT-PLANNING REFORM | ||
| 856 | 4 | 0 |
_uhttps://customs.hmrc.gov.uk/channelsPortalWebApp/channelsPortalWebApp.portal?_nfpb=true&_pageLabel=pageVAT_ShowContent&propertyType=document&columns=1&id=HMCE_PROD1_026417 _zView the consultation free of charge online at http://customs.hmrc.gov.uk... |
| 942 | _n0 | ||
| 999 |
_c106348 _d106348 |
||